Easter hope and joy / (Record no. 9889)
[ view plain ]
| 000 -LEADER | |
|---|---|
| fixed length control field | 00967nab a22002777a 4500 |
| 003 - CONTROL NUMBER IDENTIFIER | |
| control field | OSt |
| 005 - DATE AND TIME OF LATEST TRANSACTION | |
| control field | 20250506055730.0 |
| 008 - FIXED-LENGTH DATA ELEMENTS--GENERAL INFORMATION | |
| fixed length control field | 250414t2025 |||ddrnnoo|||i00| 00eng dd |
| 040 ## - CATALOGING SOURCE | |
| Transcribing agency | JMCFI - Learning Resource Center |
| 100 ## - MAIN ENTRY--PERSONAL NAME | |
| Personal name | De la Rosa, Rolando V |
| 9 (RLIN) | 31527 |
| 245 ## - TITLE STATEMENT | |
| Title | Easter hope and joy / |
| Statement of responsibility, etc. | Rolando V. De la Rosa. |
| 260 ## - PUBLICATION, DISTRIBUTION, ETC. | |
| Place of publication, distribution, etc. | Intramuros, Manila : |
| Name of publisher, distributor, etc. | Manila Bulletin, |
| Date of publication, distribution, etc. | 2025. |
| 650 ## - SUBJECT ADDED ENTRY--TOPICAL TERM | |
| Topical term or geographic name entry element | Easter Sunday. |
| 9 (RLIN) | 31514 |
| 650 ## - SUBJECT ADDED ENTRY--TOPICAL TERM | |
| Topical term or geographic name entry element | Lenten season. |
| 9 (RLIN) | 29429 |
| 650 ## - SUBJECT ADDED ENTRY--TOPICAL TERM | |
| Topical term or geographic name entry element | Catholic faith. |
| 9 (RLIN) | 31515 |
| 650 ## - SUBJECT ADDED ENTRY--TOPICAL TERM | |
| Topical term or geographic name entry element | Catholic faith |
| General subdivision | Easter Sunday. |
| 9 (RLIN) | 31516 |
| 650 ## - SUBJECT ADDED ENTRY--TOPICAL TERM | |
| Topical term or geographic name entry element | Christian faith. |
| 9 (RLIN) | 22469 |
| 650 ## - SUBJECT ADDED ENTRY--TOPICAL TERM | |
| Topical term or geographic name entry element | Hope. |
| 9 (RLIN) | 23955 |
| 650 ## - SUBJECT ADDED ENTRY--TOPICAL TERM | |
| Topical term or geographic name entry element | Joy. |
| 9 (RLIN) | 25748 |
| 650 ## - SUBJECT ADDED ENTRY--TOPICAL TERM | |
| Topical term or geographic name entry element | Christian life |
| General subdivision | Reflections. |
| 9 (RLIN) | 31469 |
| 650 ## - SUBJECT ADDED ENTRY--TOPICAL TERM | |
| Topical term or geographic name entry element | Jesus Christ |
| General subdivision | Resurrection. |
| 9 (RLIN) | 31517 |
| 650 ## - SUBJECT ADDED ENTRY--TOPICAL TERM | |
| Topical term or geographic name entry element | Newspaper articles (Open access). |
| 9 (RLIN) | 26869 |
| 773 ## - HOST ITEM ENTRY | |
| Related parts | , (20 April 2025). |
| Title | Manila Bulletin : The Nation's Leading Newspaper |
| 856 ## - ELECTRONIC LOCATION AND ACCESS | |
| Uniform Resource Identifier | <a href="https://mb.com.ph/2025/4/20/easter-hope-and-joy">https://mb.com.ph/2025/4/20/easter-hope-and-joy</a> |
| 942 ## - ADDED ENTRY ELEMENTS (KOHA) | |
| Koha item type | Newspapers (Open Access) |
| Suppress in OPAC | No |
| Withdrawn status | Lost status | Damaged status | Not for loan | Home library | Current library | Date acquired | Total Checkouts | Date last seen | Uniform Resource Identifier | Price effective from | Koha item type |
|---|---|---|---|---|---|---|---|---|---|---|---|
| LRC - Digital Library | LRC - Digital Library | 05/06/2025 | 05/06/2025 | https://mb.com.ph/2025/4/20/easter-hope-and-joy | 05/06/2025 | Newspapers (Open Access) |